[Event "EYCC Open-U16 2019"]
[Site "Bratislava"]
[Date "2019.08.07"]
[Round "6.5"]
[White "Dudin, Gleb"]
[Black "Juksta, Karolis"]
[Result "1/2-1/2"]
[WhiteElo "2283"]
[BlackElo "2261"]
[Annotator "NA"]
[PlyCount "131"]
[EventDate "2019.08.02"]
[EventType "swiss"]
[EventCountry "SVK"]
[SourceTitle "playchess.com"]
[Source "ChessBase"]
[SourceQuality "1"]
[TimeControl "40/5400+30:1800+30"]

1. Nf3 {[%emt 0:00:00]} d5 {[%emt 0:00:00]} 2. e3 {[%emt 0:00:03]} Nf6 {[%emt 0:00:02]} 3. c4 {[%emt 0:00:16]} e6 {[%emt 0:00:41]} 4. Nc3 {[%emt 0:00:33]} a6 {[%emt 0:05:27]} 5. a3 {[%emt 0:12:13]} b6 {[%emt 0:05:51]} 6. d4 {[%emt 0:08:03]} Bb7 {[%emt 0:11:06]} 7. Bd3 {[%emt 0:03:03]} Nbd7 {[%emt 0:00:48]} 8. O-O {[%emt 0:02:40]} Bd6 {[%emt 0:01:11]} 9. cxd5 {[%emt 0:13:17]} exd5 {[%emt 0:00:27]} 10. b4 {[%emt 0:00:07]} O-O {[%emt 0:00:48]} 11. Qb3 {[%emt 0:05:14]} Qe7 {[%emt 0:04:36]} 12. b5 {[%emt 0:15:04]} axb5 {[%emt 0:16:58]} 13. Nxb5 {[%emt 0:03:55]} c5 {[%emt 0:03:33]} 14. Nxd6 {[%emt 0:12:16]} Qxd6 {[%emt 0:00:02]} 15. Qb1 {[%emt 0:04:07]} Ba6 {[%emt 0:07:30]} 16. Re1 {[%emt 0:04:16]} Bxd3 {[%emt 0:09:35]} 17. Qxd3 {[%emt 0:00:01]} c4 {[%emt 0:04:28]} 18. Qc2 {[%emt 0:01:38]} b5 {[%emt 0:00:41]} 19. Rb1 {[%emt 0:06:03]} Rfb8 {[%emt 0:00:11]} 20. Nd2 {[%emt 0:02:14]} b4 {[%emt 0:04:20]} 21. axb4 {[%emt 0:01:38]} Rxb4 {[%emt 0:00:02]} 22. Bb2 {[%emt 0:02:59]} Ra2 {[%emt 0:02:30]} 23. Qc1 {[%emt 0:00:01]} Ne4 {[%emt 0:02:52]} 24. Nxe4 {[%emt 0:01:19]} dxe4 {[%emt 0:00:02]} 25. Bc3 {[%emt 0:00:24]} Rb3 {[%emt 0:05:39]} 26. Ra1 {[%emt 0:00:54]} Rxa1 {[%emt 0:02:48]} 27. Bxa1 {[%emt 0:00:40]} Nb6 {[%emt 0:03:30]} 28. Qc2 {[%emt 0:00:30]} f5 {[%emt 0:01:42]} 29. d5 {[%emt 0:00:31]} Qxd5 {[%emt 0:00:57]} 30. Bd4 {[%emt 0:00:13]} Na4 {[%emt 0:01:08]} 31. Rc1 {[%emt 0:00:44]} Qb5 {[%emt 0:02:31]} 32. g4 {[%emt 0:00:30]} g6 {[%emt 0:03:00]} 33. Qxc4+ {[%emt 0:00:23]} Qxc4 {[%emt 0:00:20]} 34. Rxc4 {[%emt 0:00:01]} Nb2 {[%emt 0:00:52]} 35. Rc8+ {[%emt 0:01:07]} Kf7 {[%emt 0:00:02]} 36. Rc7+ {[%emt 0:00:09]} Ke6 {[%emt 0:00:05]} 37. gxf5+ {[%emt 0:00:14]} gxf5 {[%emt 0:01:15]} 38. Rxh7 {[%emt 0:00:57]} Nd3 {[%emt 0:00:05]} 39. Rh6+ {[%emt 0:00:32]} Kd5 {[%emt 0:00:11]} 40. Rh5 {[%emt 0:00:00]} Ke6 {[%emt 0:00:00]} 41. Rh6+ {[%emt 0:10:25]} Kd5 {[%emt 0:00:39]} 42. Rb6 {[%emt 0:00:46]} Rxb6 {[%emt 0:12:10]} 43. Bxb6 {[%emt 0:00:02]} Ke6 {[%emt 0:10:37]} 44. Bc7 {[%emt 0:07:48]} Kf6 {[%emt 0:00:33]} 45. Bg3 {[%emt 0:00:18]} Kg5 {[%emt 0:00:27]} 46. h3 {[%emt 0:00:09]} Kh5 {[%emt 0:03:20]} 47. Kf1 {[%emt 0:00:07]} Nc5 {[%emt 0:00:32]} 48. Bd6 {[%emt 0:10:32]} Nd3 {[%emt 0:01:02]} 49. Be7 {[%emt 0:00:09]} Ne5 {[%emt 0:00:23]} 50. Bf6 {[%emt 0:01:21]} Nf3 {[%emt 0:00:31]} 51. Bc3 {[%emt 0:00:29]} Kg5 {[%emt 0:01:28]} 52. Kg2 {[%emt 0:00:58]} Kg6 {[%emt 0:01:25]} 53. Kg3 {[%emt 0:00:54]} Kg5 {[%emt 0:00:11]} 54. Ba5 {[%emt 0:02:30]} Ne5 {[%emt 0:00:15]} 55. h4+ {[%emt 0:01:26]} Kg6 {[%emt 0:00:31]} 56. Bc3 {[%emt 0:00:42]} Nf3 {[%emt 0:02:30]} 57. Ba1 {[%emt 0:00:31]} Ne1 {[%emt 0:00:39]} 58. Bh8 {[%emt 0:00:28]} Nd3 {[%emt 0:00:42]} 59. Bc3 {[%emt 0:00:27]} Kh5 {[%emt 0:00:24]} 60. Ba1 {[%emt 0:00:35]} Kg6 {[%emt 0:00:39]} 61. Bc3 {[%emt 0:00:32]} Kh5 {[%emt 0:00:14]} 62. Bd4 {[%emt 0:00:08]} Kg6 {[%emt 0:00:08]} 63. f3 {[%emt 0:00:05]} exf3 {[%emt 0:00:36]} 64. Kxf3 {[%emt 0:00:07]} Kh5 {[%emt 0:00:19]} 65. Bf6 {[%emt 0:00:06]} Kg6 {[%emt 0:00:08] Ke4} 66. Ke2 {[%emt 0:01:27]} 1/2-1/2

[Event "EYCC Open-U16 2019"]
[Site "Bratislava"]
[Date "2019.08.07"]
[Round "6.6"]
[White "Van Dael, Siem"]
[Black "Sargsyan, Tigran R."]
[Result "1-0"]
[WhiteElo "2319"]
[BlackElo "2314"]
[Annotator "NA"]
[PlyCount "49"]
[EventDate "2019.08.02"]
[EventType "swiss"]
[EventCountry "SVK"]
[SourceTitle "playchess.com"]
[Source "ChessBase"]
[SourceQuality "1"]
[TimeControl "40/5400+30:1800+30"]

1. e4 {[%emt 0:00:00]} e6 {[%emt 0:00:00]} 2. d4 {[%emt 0:00:00]} d5 {[%emt 0:00:00]} 3. Nc3 {[%emt 0:00:00]} Nf6 {[%emt 0:00:03]} 4. Bg5 {[%emt 0:00:00]} Bb4 {[%emt 0:00:09]} 5. e5 {[%emt 0:00:02]} h6 {[%emt 0:00:17]} 6. Bc1 {[%emt 0:00:06]} Ne4 {[%emt 0:01:07]} 7. Qg4 {[%emt 0:00:22]} g6 {[%emt 0:13:57]} 8. a3 {[%emt 0:00:39]} Bxc3+ {[%emt 0:01:15]} 9. bxc3 {[%emt 0:00:06]} c5 {[%emt 0:01:14]} 10. Bd3 {[%emt 0:00:08]} cxd4 {[%emt 0:06:20]} 11. Ne2 {[%emt 0:00:06]} dxc3 {[%emt 0:09:44]} 12. Bxe4 {[%emt 0:00:06]} dxe4 {[%emt 0:00:29]} 13. Ng3 {[%emt 0:00:03]} Qd4 {[%emt 0:08:13]} 14. Nxe4 {[%emt 0:02:22]} Qxe5 {[%emt 0:07:57]} 15. O-O {[%emt 0:00:16]} Nc6 {[%emt 0:06:23]} 16. Re1 {[%emt 0:00:06]} Kf8 {[%emt 0:02:02]} 17. Bf4 {[%emt 0:10:49]} Qf5 {[%emt 0:05:17]} 18. Qh4 {[%emt 0:01:47]} Kg7 {[%emt 0:00:57]} 19. Nd6 {[%emt 0:01:13]} Qc5 {[%emt 0:05:07]} 20. Rab1 {[%emt 0:18:33]} e5 {[%emt 0:15:21]} 21. Ne8+ {[%emt 0:04:44]} Kf8 {[%emt 0:06:40]} 22. Qf6 {[%emt 0:01:17]} Rh7 {[%emt 0:03:14]} 23. Bxe5 {[%emt 0:01:13]} Nxe5 {[%emt 0:00:39]} 24. Rxe5 {[%emt 0:00:12]} Qxa3 {[%emt 0:03:08]} 25. Nc7 {[%emt 0:01:07]} 1-0

[Event "EYCC Open-U16 2019"]
[Site "Bratislava"]
[Date "2019.08.07"]
[Round "6.7"]
[White "Stoyanov, Tsvetan"]
[Black "Malovanyi, Yulian"]
[Result "1/2-1/2"]
[WhiteElo "2387"]
[BlackElo "2204"]
[Annotator "NA"]
[PlyCount "105"]
[EventDate "2019.08.02"]
[EventType "swiss"]
[EventCountry "SVK"]
[SourceTitle "playchess.com"]
[Source "ChessBase"]
[SourceQuality "1"]
[TimeControl "40/5400+30:1800+30"]

1. e4 {[%emt 0:00:00]} c5 {[%emt 0:00:00]} 2. Nf3 {[%emt 0:00:00]} Nc6 {[%emt 0:00:00]} 3. d4 {[%emt 0:00:01]} cxd4 {[%emt 0:00:16]} 4. Nxd4 {[%emt 0:00:05]} g6 {[%emt 0:00:18]} 5. c4 {[%emt 0:00:15]} Bg7 {[%emt 0:00:21]} 6. Be3 {[%emt 0:00:05]} Nf6 {[%emt 0:00:14]} 7. Nc3 {[%emt 0:00:14]} O-O {[%emt 0:00:12]} 8. Be2 {[%emt 0:00:16]} d6 {[%emt 0:00:13]} 9. h3 {[%emt 0:00:37]} Nxd4 {[%emt 0:08:12]} 10. Bxd4 {[%emt 0:00:09]} Bd7 {[%emt 0:00:18]} 11. O-O {[%emt 0:00:07]} Bc6 {[%emt 0:00:12]} 12. Qc2 {[%emt 0:00:13]} a5 {[%emt 0:01:11]} 13. Rad1 {[%emt 0:00:15]} Nd7 {[%emt 0:01:33]} 14. Bxg7 {[%emt 0:00:05]} Kxg7 {[%emt 0:00:09]} 15. Bg4 {[%emt 0:00:02]} Qe8 {[%emt 0:32:44]} 16. Bxd7 {[%emt 0:01:24]} Bxd7 {[%emt 0:00:17]} 17. a4 {[%emt 0:17:14]} Rc8 {[%emt 0:02:17]} 18. b3 {[%emt 0:00:09]} Rc5 {[%emt 0:02:22]} 19. Nd5 {[%emt 0:02:43]} Bc6 {[%emt 0:03:38]} 20. Rfe1 {[%emt 0:07:07]} f6 {[%emt 0:04:01]} 21. Qb2 {[%emt 0:09:08]} Rf7 {[%emt 0:04:57]} 22. Re3 {[%emt 0:03:17]} Qd8 {[%emt 0:03:24]} 23. h4 {[%emt 0:18:04]} Qd7 {[%emt 0:12:27]} 24. Qe2 {[%emt 0:04:24]} Kh8 {[%emt 0:06:01]} 25. f4 {[%emt 0:07:09]} e5 {[%emt 0:04:29]} 26. fxe5 {[%emt 0:15:02]} Bxd5 {[%emt 0:02:14]} 27. exd5 {[%emt 0:00:44]} fxe5 {[%emt 0:00:25]} 28. Rf1 {[%emt 0:04:49]} Rc8 {[%emt 0:02:57]} 29. Rxf7 {[%emt 0:03:23]} Qxf7 {[%emt 0:00:08]} 30. Rf3 {[%emt 0:00:15]} Qe7 {[%emt 0:00:12]} 31. Qf2 {[%emt 0:03:34]} Kg8 {[%emt 0:01:51]} 32. h5 {[%emt 0:03:49]} Rf8 {[%emt 0:02:25]} 33. hxg6 {[%emt 0:00:52]} hxg6 {[%emt 0:00:12]} 34. Rxf8+ {[%emt 0:00:42]} Qxf8 {[%emt 0:00:01]} 35. Qa7 {[%emt 0:00:09]} Qf4 {[%emt 0:01:15]} 36. Qb8+ {[%emt 0:00:40]} Kg7 {[%emt 0:00:40]} 37. Qxb7+ {[%emt 0:00:12]} Kh6 {[%emt 0:00:54]} 38. Qb6 {[%emt 0:00:11]} Qc1+ {[%emt 0:00:43]} 39. Kh2 {[%emt 0:00:41]} Qf4+ {[%emt 0:00:33]} 40. Kg1 {[%emt 0:00:00]} Qc1+ {[%emt 0:00:00]} 41. Kh2 {[%emt 0:12:12]} Qf4+ {[%emt 0:03:58]} 42. g3 {[%emt 0:00:02]} Qd2+ {[%emt 0:00:14]} 43. Kg1 {[%emt 0:03:09]} Qe1+ {[%emt 0:01:13]} 44. Kg2 {[%emt 0:00:16]} Qe4+ {[%emt 0:00:06]} 45. Kf2 {[%emt 0:01:02]} Qc2+ {[%emt 0:01:16]} 46. Kg1 {[%emt 0:00:18]} Qb1+ {[%emt 0:02:02]} 47. Kf2 {[%emt 0:08:48]} Qc2+ {[%emt 0:00:19]} 48. Kf1 {[%emt 0:00:28]} Qb1+ {[%emt 0:01:06]} 49. Kg2 {[%emt 0:00:56]} Qe4+ {[%emt 0:00:08]} 50. Kh2 {[%emt 0:00:21]} Qe2+ {[%emt 0:00:15]} 51. Kg1 {[%emt 0:01:11]} Qe1+ {[%emt 0:00:06]} 52. Kg2 {[%emt 0:00:05]} Qe4+ {[%emt 0:00:02]} 53. Kf2 1/2-1/2

[Event "EYCC Open-U16 2019"]
[Site "Bratislava"]
[Date "2019.08.07"]
[Round "6.8"]
[White "Tsoi, Dmitry"]
[Black "Kacharava, Nikolozi"]
[Result "1-0"]
[WhiteElo "2314"]
[BlackElo "2431"]
[Annotator "NA"]
[PlyCount "75"]
[EventDate "2019.08.02"]
[EventType "swiss"]
[EventCountry "SVK"]
[SourceTitle "playchess.com"]
[Source "ChessBase"]
[SourceQuality "1"]
[TimeControl "40/5400+30:1800+30"]

1. f4 {[%emt 0:00:00]} d5 {[%emt 0:00:05]} 2. Nf3 {[%emt 0:00:00]} g6 {[%emt 0:00:30]} 3. e3 {[%emt 0:00:00]} Bg7 {[%emt 0:00:30]} 4. d4 {[%emt 0:00:00]} c5 {[%emt 0:00:56]} 5. c3 {[%emt 0:00:00]} Nf6 {[%emt 0:00:50]} 6. Bd3 {[%emt 0:00:00]} O-O {[%emt 0:00:51]} 7. O-O {[%emt 0:00:00]} b6 {[%emt 0:01:22]} 8. Qe2 {[%emt 0:00:08]} Bb7 {[%emt 0:03:27]} 9. Nbd2 {[%emt 0:00:08]} Ne4 {[%emt 0:02:10]} 10. a4 {[%emt 0:00:48]} Nd7 {[%emt 0:03:30]} 11. Ne5 {[%emt 0:00:19]} f6 {[%emt 0:12:33]} 12. Nxe4 {[%emt 0:04:01]} fxe5 {[%emt 0:06:29]} 13. Ng5 {[%emt 0:00:27]} e4 {[%emt 0:02:18]} 14. Bb5 {[%emt 0:03:43]} Rf6 {[%emt 0:01:28]} 15. a5 {[%emt 0:00:10]} bxa5 {[%emt 0:05:35]} 16. h4 {[%emt 0:17:08]} Bc6 {[%emt 0:05:21]} 17. h5 {[%emt 0:01:06]} Bxb5 {[%emt 0:03:27]} 18. Qxb5 {[%emt 0:00:08]} Rb8 {[%emt 0:01:21]} 19. Qxa5 {[%emt 0:04:41]} Qxa5 {[%emt 0:03:16]} 20. Rxa5 {[%emt 0:00:01]} Rb7 {[%emt 0:02:09]} 21. hxg6 {[%emt 0:00:48]} Rxg6 {[%emt 0:06:01]} 22. Rd1 {[%emt 0:10:54]} e6 {[%emt 0:16:56]} 23. dxc5 {[%emt 0:11:48]} Rc7 {[%emt 0:00:53]} 24. b4 {[%emt 0:01:36]} Bxc3 {[%emt 0:00:44]} 25. Bd2 {[%emt 0:00:14]} Bxd2 {[%emt 0:02:29]} 26. Rxd2 {[%emt 0:00:06]} Nb8 {[%emt 0:00:22]} 27. b5 {[%emt 0:03:16]} Nd7 {[%emt 0:03:45]} 28. Ra6 {[%emt 0:05:44]} Rxc5 {[%emt 0:04:14]} 29. Rxa7 {[%emt 0:00:37]} Nb6 {[%emt 0:01:07]} 30. Rb7 {[%emt 0:02:29]} Rxb5 {[%emt 0:02:42]} 31. Rc2 {[%emt 0:02:07]} Rb1+ {[%emt 0:03:18]} 32. Kh2 {[%emt 0:02:57]} Rh6+ {[%emt 0:01:48]} 33. Kg3 {[%emt 0:00:15]} Rf6 {[%emt 0:00:36]} 34. Rcc7 {[%emt 0:03:50]} h6 {[%emt 0:01:10]} 35. Nh7 {[%emt 0:00:41]} Rg6+ {[%emt 0:01:07]} 36. Kh2 {[%emt 0:00:06]} Kh8 {[%emt 0:01:16]} 37. Rb8+ {[%emt 0:00:13]} Rg8 {[%emt 0:00:05]} 38. Nf6 {[%emt 0:00:04]} 1-0

[Event "EYCC Open-U16 2019"]
[Site "Bratislava"]
[Date "2019.08.07"]
[Round "6.9"]
[White "Mis, Mieszko"]
[Black "Horvath, Dominik"]
[Result "1/2-1/2"]
[WhiteElo "2284"]
[BlackElo "2424"]
[Annotator "NA"]
[PlyCount "48"]
[EventDate "2019.08.02"]
[EventType "swiss"]
[EventCountry "SVK"]
[SourceTitle "playchess.com"]
[Source "ChessBase"]
[SourceQuality "1"]
[TimeControl "40/5400+30:1800+30"]

1. d4 {[%emt 0:00:00]} d5 {[%emt 0:00:00]} 2. c4 {[%emt 0:00:00]} e6 {[%emt 0:00:00]} 3. Nc3 {[%emt 0:00:33]} a6 {[%emt 0:00:00]} 4. cxd5 {[%emt 0:00:57]} exd5 {[%emt 0:00:00]} 5. Nf3 {[%emt 0:00:04]} h6 {[%emt 0:01:34]} 6. Bf4 {[%emt 0:05:50]} Nf6 {[%emt 0:00:40]} 7. e3 {[%emt 0:03:48]} c5 {[%emt 0:01:36]} 8. dxc5 {[%emt 0:07:36]} Bxc5 {[%emt 0:00:28]} 9. Be2 {[%emt 0:01:47]} Nc6 {[%emt 0:00:29]} 10. O-O {[%emt 0:01:28]} O-O {[%emt 0:02:27]} 11. Rc1 {[%emt 0:04:36]} Ba7 {[%emt 0:04:59]} 12. Ne5 {[%emt 0:04:30]} Re8 {[%emt 0:13:42]} 13. Nxc6 {[%emt 0:01:27]} bxc6 {[%emt 0:00:04]} 14. Qa4 {[%emt 0:04:21]} Bd7 {[%emt 0:01:57]} 15. Qb3 {[%emt 0:12:17]} Bb8 {[%emt 0:09:51]} 16. Bxb8 {[%emt 0:02:59]} Rxb8 {[%emt 0:00:23]} 17. Qa3 {[%emt 0:02:51]} a5 {[%emt 0:14:05]} 18. Rfe1 {[%emt 0:10:41]} Rb4 {[%emt 0:05:06]} 19. Na4 {[%emt 0:01:47]} Ng4 {[%emt 0:06:15]} 20. Nc5 {[%emt 0:05:42]} Qf6 {[%emt 0:02:49]} 21. Bxg4 {[%emt 0:05:15]} Bxg4 {[%emt 0:00:11]} 22. Nd3 {[%emt 0:00:45]} Rb5 {[%emt 0:11:30]} 23. Qc3 {[%emt 0:02:40]} Qxc3 {[%emt 0:01:55]} 24. Rxc3 {[%emt 0:00:05]} Bf5 {[%emt 0:00:08]} 1/2-1/2

[Event "EYCC Open-U16 2019"]
[Site "Bratislava"]
[Date "2019.08.07"]
[Round "6.10"]
[White "Subelj, Jan"]
[Black "Risteski, Emil"]
[Result "1/2-1/2"]
[WhiteElo "2425"]
[BlackElo "2150"]
[Annotator "NA"]
[PlyCount "46"]
[EventDate "2019.08.02"]
[EventType "swiss"]
[EventCountry "SVK"]
[SourceTitle "playchess.com"]
[Source "ChessBase"]
[SourceQuality "1"]
[TimeControl "40/5400+30:1800+30"]

1. e4 {[%emt 0:00:00]} c5 {[%emt 0:00:00]} 2. g3 {[%emt 0:01:22]} d5 {[%emt 0:01:09]} 3. exd5 {[%emt 0:00:54]} Qxd5 {[%emt 0:00:06]} 4. Nf3 {[%emt 0:00:42]} Bg4 {[%emt 0:00:22]} 5. Be2 {[%emt 0:01:09]} Nc6 {[%emt 0:02:20]} 6. h3 {[%emt 0:00:13]} Bh5 {[%emt 0:02:26]} 7. Nc3 {[%emt 0:04:33]} Qd7 {[%emt 0:03:06]} 8. d3 {[%emt 0:16:49]} Nf6 {[%emt 0:08:02]} 9. Be3 {[%emt 0:12:40]} e6 {[%emt 0:08:20]} 10. g4 {[%emt 0:02:01]} Bg6 {[%emt 0:00:10]} 11. Nh4 {[%emt 0:00:16]} Nd5 {[%emt 0:10:06]} 12. Nxd5 {[%emt 0:09:06]} exd5 {[%emt 0:01:16]} 13. Nxg6 {[%emt 0:02:37]} hxg6 {[%emt 0:00:21]} 14. d4 {[%emt 0:03:27]} c4 {[%emt 0:07:59]} 15. b3 {[%emt 0:05:31]} Bb4+ {[%emt 0:06:43]} 16. Kf1 {[%emt 0:00:15]} Bc3 {[%emt 0:01:29]} 17. Rb1 {[%emt 0:04:00]} b5 {[%emt 0:03:04]} 18. Bf3 {[%emt 0:03:36]} O-O {[%emt 0:01:00]} 19. bxc4 {[%emt 0:01:05]} bxc4 {[%emt 0:00:04]} 20. Rb5 {[%emt 0:01:52]} Ne7 {[%emt 0:02:54]} 21. Qb1 {[%emt 0:00:06]} Qd6 {[%emt 0:01:31]} 22. Rb7 {[%emt 0:10:48]} Rab8 {[%emt 0:01:34]} 23. Qb5 {[%emt 0:03:16]} Rxb7 {[%emt 0:05:19]} 1/2-1/2

[Event "EYCC Open-U16 2019"]
[Site "Bratislava"]
[Date "2019.08.07"]
[Round "6.11"]
[White "Mukhutdinov, Tigran"]
[Black "Remizov, Yaroslav"]
[Result "1/2-1/2"]
[WhiteElo "2328"]
[BlackElo "2357"]
[Annotator "NA"]
[PlyCount "50"]
[EventDate "2019.08.02"]
[EventType "swiss"]
[EventCountry "SVK"]
[SourceTitle "playchess.com"]
[Source "ChessBase"]
[SourceQuality "1"]
[TimeControl "40/5400+30:1800+30"]

1. Nf3 {[%emt 0:00:00]} d5 {[%emt 0:00:00]} 2. g3 {[%emt 0:00:00]} Bg4 {[%emt 0:00:11]} 3. Bg2 {[%emt 0:00:09]} Nd7 {[%emt 0:00:08]} 4. c4 {[%emt 0:00:42]} e6 {[%emt 0:00:54]} 5. Qb3 {[%emt 0:00:39]} Nc5 {[%emt 0:00:35]} 6. Qe3 {[%emt 0:00:06]} c6 {[%emt 0:00:55]} 7. d4 {[%emt 0:00:28]} Nd7 {[%emt 0:01:00]} 8. O-O {[%emt 0:00:25]} Ngf6 {[%emt 0:01:00]} 9. h3 {[%emt 0:00:21]} Bh5 {[%emt 0:02:12]} 10. cxd5 {[%emt 0:02:03]} cxd5 {[%emt 0:01:20]} 11. Qb3 {[%emt 0:01:11]} Qb6 {[%emt 0:08:04]} 12. Bf4 {[%emt 0:02:13]} Qxb3 {[%emt 0:06:23]} 13. axb3 {[%emt 0:00:06]} Ne4 {[%emt 0:00:19]} 14. Nc3 {[%emt 0:05:10]} Bd6 {[%emt 0:21:20]} 15. Bxd6 {[%emt 0:11:15]} Nxd6 {[%emt 0:00:03]} 16. g4 {[%emt 0:00:14]} Bg6 {[%emt 0:00:05]} 17. Ne5 {[%emt 0:00:47]} Bc2 {[%emt 0:13:34]} 18. Ra3 {[%emt 0:07:13]} f6 {[%emt 0:00:12]} 19. Nxd7 {[%emt 0:00:30]} Kxd7 {[%emt 0:00:04]} 20. Rc1 {[%emt 0:00:49]} Bg6 {[%emt 0:02:01]} 21. Rca1 {[%emt 0:00:35]} a6 {[%emt 0:01:03]} 22. Rc1 {[%emt 0:09:16]} Nb5 {[%emt 0:24:04]} 23. Nxb5 {[%emt 0:01:36]} axb5 {[%emt 0:00:27]} 24. b4 {[%emt 0:02:45]} Rhc8 {[%emt 0:02:46]} 25. Rc5 {[%emt 0:15:01]} b6 {[%emt 0:01:41]} 1/2-1/2

[Event "EYCC Open-U16 2019"]
[Site "Bratislava"]
[Date "2019.08.07"]
[Round "6.12"]
[White "Veiga, Jose Francisco R P N"]
[Black "Ceres, Dragos"]
[Result "1-0"]
[WhiteElo "2357"]
[BlackElo "2266"]
[Annotator "NA"]
[PlyCount "67"]
[EventDate "2019.08.02"]
[EventType "swiss"]
[EventCountry "SVK"]
[SourceTitle "playchess.com"]
[Source "ChessBase"]
[SourceQuality "1"]
[TimeControl "40/5400+30:1800+30"]

1. e4 {[%emt 0:00:00]} e5 {[%emt 0:00:00]} 2. Nf3 {[%emt 0:00:13]} Nc6 {[%emt 0:00:00]} 3. Bb5 {[%emt 0:00:06]} a6 {[%emt 0:00:00]} 4. Ba4 {[%emt 0:00:07]} Nf6 {[%emt 0:00:00]} 5. O-O {[%emt 0:00:40]} b5 {[%emt 0:00:02]} 6. Bb3 {[%emt 0:00:09]} Bc5 {[%emt 0:00:04]} 7. c3 {[%emt 0:00:31]} d6 {[%emt 0:00:03]} 8. a4 {[%emt 0:00:08]} Rb8 {[%emt 0:00:13]} 9. d4 {[%emt 0:00:48]} Bb6 {[%emt 0:00:00]} 10. a5 {[%emt 0:00:54]} Ba7 {[%emt 0:00:19]} 11. h3 {[%emt 0:00:16]} O-O 12. Be3 {[%emt 0:01:00]} exd4 {[%emt 0:14:53]} 13. cxd4 Nxe4 {[%emt 0:06:36]} 14. Qc2 {[%emt 0:04:19]} Qe8 {[%emt 0:01:41]} 15. Nc3 {[%emt 0:00:23]} Bf5 {[%emt 0:15:25]} 16. Nh4 {[%emt 0:16:49]} Nb4 {[%emt 0:20:24]} 17. Qd1 {[%emt 0:04:26]} Bc8 {[%emt 0:09:27]} 18. Re1 {[%emt 0:02:36]} Qe7 {[%emt 0:14:56]} 19. Nf3 {[%emt 0:02:23]} Nf6 {[%emt 0:00:39]} 20. Bg5 {[%emt 0:01:23]} Qd8 {[%emt 0:00:29]} 21. Ne4 {[%emt 0:00:50]} Bf5 {[%emt 0:00:05]} 22. Nxf6+ {[%emt 0:01:42]} gxf6 {[%emt 0:00:06]} 23. Bh6 {[%emt 0:00:12]} Re8 {[%emt 0:00:56]} 24. Rxe8+ {[%emt 0:03:04]} Qxe8 {[%emt 0:00:06]} 25. Qd2 {[%emt 0:00:25]} Nc6 {[%emt 0:01:33]} 26. Re1 {[%emt 0:01:43]} Qd8 {[%emt 0:01:11]} 27. Qf4 {[%emt 0:02:37]} Bg6 {[%emt 0:00:22]} 28. Bd5 {[%emt 0:01:07]} Ne7 {[%emt 0:01:21]} 29. Qxf6 {[%emt 0:00:16]} Nf5 {[%emt 0:00:00]} 30. Bxf7+ {[%emt 0:00:00]} Bxf7 {[%emt 0:00:57]} 31. Qxf5 {[%emt 0:00:36]} Bg6 {[%emt 0:00:04]} 32. Qe6+ {[%emt 0:00:34]} Bf7 {[%emt 0:00:04]} 33. Qg4+ {[%emt 0:00:52]} Bg6 34. Re6 1-0

[Event "EYCC Open-U16 2019"]
[Site "Bratislava"]
[Date "2019.08.07"]
[Round "6.13"]
[White "Cohen Revivo, Shoham"]
[Black "Boyer, Mahel"]
[Result "1-0"]
[WhiteElo "2254"]
[BlackElo "2295"]
[Annotator "NA"]
[PlyCount "59"]
[EventDate "2019.08.02"]
[EventType "swiss"]
[EventCountry "SVK"]
[SourceTitle "playchess.com"]
[Source "ChessBase"]
[SourceQuality "1"]
[TimeControl "40/5400+30:1800+30"]

1. e4 {[%emt 0:00:00]} Nc6 {[%emt 0:00:00]} 2. d4 {[%emt 0:00:00]} d5 {[%emt 0:00:00]} 3. exd5 {[%emt 0:00:23]} Qxd5 {[%emt 0:00:00]} 4. Nf3 {[%emt 0:00:08]} e5 {[%emt 0:00:00]} 5. Nc3 {[%emt 0:00:05]} Bb4 {[%emt 0:00:00]} 6. Bd2 {[%emt 0:00:04]} Bxc3 {[%emt 0:00:00]} 7. Bxc3 {[%emt 0:00:07]} e4 {[%emt 0:00:00]} 8. Ne5 {[%emt 0:00:07]} Nxe5 {[%emt 0:00:02]} 9. dxe5 {[%emt 0:00:06]} Ne7 {[%emt 0:00:01]} 10. Be2 {[%emt 0:09:22]} Be6 {[%emt 0:02:41]} 11. O-O {[%emt 0:00:13]} O-O-O {[%emt 0:00:19]} 12. Qc1 {[%emt 0:02:14]} Qc5 {[%emt 0:13:54]} 13. Re1 {[%emt 0:06:24]} Ng6 {[%emt 0:12:51]} 14. Bf1 {[%emt 0:03:39]} Bd5 {[%emt 0:00:11]} 15. Qg5 {[%emt 0:02:49]} Bc6 {[%emt 0:01:49]} 16. Qg3 {[%emt 0:11:11]} Rde8 {[%emt 0:08:00]} 17. b4 {[%emt 0:00:25]} Qe7 {[%emt 0:00:12]} 18. b5 {[%emt 0:05:31]} Bd5 {[%emt 0:00:10]} 19. Qe3 {[%emt 0:01:17]} Kb8 {[%emt 0:00:35]} 20. Bd4 {[%emt 0:01:19]} b6 {[%emt 0:00:34]} 21. c4 {[%emt 0:00:37]} Ba8 {[%emt 0:03:03]} 22. c5 {[%emt 0:04:04]} Nxe5 {[%emt 0:00:11]} 23. c6 {[%emt 0:01:11]} f5 {[%emt 0:01:58]} 24. h3 {[%emt 0:03:20]} Ng6 {[%emt 0:23:13]} 25. a4 {[%emt 0:02:06]} f4 {[%emt 0:00:53]} 26. Qc3 {[%emt 0:00:37]} Nh4 {[%emt 0:07:05]} 27. a5 {[%emt 0:01:34]} Nf5 {[%emt 0:00:10]} 28. axb6 {[%emt 0:00:29]} cxb6 {[%emt 0:00:00]} 29. Bxb6 {[%emt 0:01:06]} axb6 {[%emt 0:04:39]} 30. c7+ {[%emt 0:00:10]} 1-0